[Event "Hastings Masters 2017-18"]
[Site "Hastings ENG"]
[Date "2017.12.30"]
[Round "3.22"]
[White "Anderson, John"]
[Black "Rogacewicz, Mikolaj"]
[Result "1/2-1/2"]
[WhiteElo "2184"]
[BlackElo "1961"]
[WhiteFideId "405353"]
[BlackFideId "21842981"]
[EventDate "2017.12.28"]

1. e4 e6 2. d4 d5 3. Nc3 Bb4 4. e5 c5 5. a3 Bxc3+ 6. bxc3 Ne7 7. Qg4 cxd4 8.
Qxg7 Rg8 9. Qxh7 Qc7 10. Ne2 dxc3 11. f4 Nbc6 12. h4 d4 13. h5 Bd7 14. Rb1 O-O-O
15. Qd3 Kb8 16. Rg1 Bc8 17. g4 b6 18. Rg3 Bb7 19. Bg2 Qc8 20. Be4 Nd5 21. g5 Ne3
22. Nxc3 dxc3 23. Qxe3 Nd4 24. Rb4 Qc5 25. Bd3 Qd5 26. Rxd4 Qxd4 27. Qxd4 Rxd4
28. Ke2 Kc7 29. Bh7 Ba6+ 30. Ke1 Rgd8 31. Rxc3+ Kb8 32. Be3 Rd1+ 33. Kf2 Rh8 34.
g6 fxg6 35. hxg6 Rh1 36. f5 R1xh7 37. gxh7 exf5 38. e6 Rxh7 39. Bg5 Bb5 40. Kg3
Rh1 41. Kf4 Rf1+ 42. Ke5 Kb7 43. Bf4 Rf2 44. Kxf5 Rxc2 45. Re3 Re2 46. Rg3 Bc4
47. Rg7+ Kc6 48. Rc7+ Kd5 49. e7 Bd3+ 50. Kg5 Rg2+ 51. Kf6 Rg6+ 52. Kf7 Rg4 53.
Rd7+ Kc4 54. Bb8 Bg6+ 55. Kf8 Kb5 56. Rxa7 Ra4 57. Rd7 Rxa3 58. Rd5+ Kc4 59. Rd6
Rf3+ 60. Kg7 Be8 61. Rxb6 1/2-1/2

[Event "Hastings Masters 2017-18"]
[Site "Hastings ENG"]
[Date "2017.12.30"]
[Round "3.23"]
[White "Spanton, Tim R"]
[Black "Willow, Jonah B"]
[Result "1/2-1/2"]
[WhiteElo "1880"]
[BlackElo "2152"]
[WhiteFideId "404802"]
[BlackFideId "438804"]
[EventDate "2017.12.28"]

1. e4 c5 2. Nf3 e6 3. c4 Nc6 4. d4 cxd4 5. Nxd4 Nf6 6. Nc3 Bb4 7. Nxc6 bxc6 8.
Bd3 e5 9. O-O Bc5 10. Qe2 O-O 11. Kh1 d6 12. a3 Ng4 13. Be3 Qh4 14. h3 Bxe3 15.
fxe3 Nf6 16. Qf2 Qg5 17. Be2 Be6 18. Rad1 Rfd8 19. b4 a5 20. b5 cxb5 21. cxb5
Rac8 22. h4 Qh6 23. Rc1 Rxc3 24. Rxc3 Nxe4 25. Qe1 Nxc3 26. Qxc3 Qxh4+ 27. Kg1
Qg5 28. Rc1 g6 29. b6 Rb8 30. Rb1 Kg7 31. Ba6 Bd5 32. Qd2 Qf5 33. Rb2 Qe4 34.
Bd3 Qa4 35. Qc3 Be4 36. Bf1 Bc6 37. Ba6 Qe4 38. Qd2 d5 39. Bd3 Qa4 40. Qc3 d4
41. Qc5 dxe3 42. Qxe5+ f6 43. Qxb8 Qd4 44. Qc7+ Kg8 45. Be2 Qxb2 46. Bc4+ Kh8
47. Qxc6 Qf2+ 1/2-1/2

[Event "Hastings Masters 2017-18"]
[Site "Hastings ENG"]
[Date "2017.12.30"]
[Round "3.24"]
[White "Hand, Freddie"]
[Black "Stoyanov, Viktor"]
[Result "1/2-1/2"]
[WhiteElo "2139"]
[BlackElo "1950"]
[WhiteFideId "436950"]
[BlackFideId "450308"]
[EventDate "2017.12.28"]

1. d4 Nf6 2. c4 g6 3. f3 Nc6 4. d5 Ne5 5. e4 d6 6. Nc3 Bg7 7. Nge2 O-O 8. Ng3
Ned7 9. Be2 Nb6 10. O-O e6 11. Be3 exd5 12. cxd5 c6 13. dxc6 bxc6 14. Qc2 Qe7
15. Rfe1 d5 16. Bf1 Be6 17. Qf2 Qb7 18. e5 Nfd7 19. f4 f6 20. exf6 Nxf6 21. h3
Rae8 22. a4 Nfd7 23. Bd3 Qc7 24. Qc2 c5 25. Nb5 Qb8 26. a5 Nc8 27. Bxc5 Nxc5 28.
Qxc5 Qxf4 29. Ne2 Qd2 30. Rad1 Qxa5 31. Ned4 Bf7 32. Rxe8 Rxe8 33. Rf1 Qb6 34.
Qxb6 Nxb6 35. Nc6 Nc8 36. b4 Re3 37. Rf3 Rxf3 38. gxf3 Be8 39. Nbd4 Bd7 40. Kg2
Kf8 41. Kg3 Ne7 42. b5 Nxc6 43. bxc6 Bxd4 44. cxd7 Ke7 45. Bb5 Bf6 46. Kf4 Kd6
47. Ke3 Kc5 48. Ba4 Kb4 49. Bc6 Kc4 50. Ba4 Kc3 51. Ke2 a6 52. Bc6 d4 53. Ba4
Bd8 54. Bc6 d3+ 55. Kd1 Kd4 56. Ke1 Bh4+ 57. Kd1 Ke3 58. f4 Kxf4 59. Kd2 Kg3 60.
Bd5 Kxh3 61. Bg8 h5 62. Bf7 Bg5+ 63. Kxd3 h4 64. Bxg6 Kg3 65. Be4 h3 66. Ke2 h2
67. Bc6 Be7 68. Bb7 a5 69. Bc6 Bd8 70. Bb7 Bb6 71. Bc6 Bd8 72. Ke1 Bf6 73. Ke2
a4 74. Kd2 a3 75. Kc2 a2 76. d8=Q a1=N+ 77. Kb1 Bxd8 78. Kxa1 Kf2 79. Kb2 Kg1
80. Kb3 h1=Q 81. Bxh1 Kxh1 1/2-1/2

[Event "Hastings Masters 2017-18"]
[Site "Hastings ENG"]
[Date "2017.12.30"]
[Round "3.25"]
[White "Rolvag, Mikael"]
[Black "Norinkeviciute, Rasa"]
[Result "1-0"]
[BlackTitle "WFM"]
[WhiteElo "2113"]
[BlackElo "1993"]
[WhiteFideId "1500481"]
[BlackFideId "12801925"]
[EventDate "2017.12.28"]

1. e4 c5 2. Nf3 d6 3. d4 cxd4 4. Nxd4 Nf6 5. Nc3 a6 6. f4 e5 7. Nf5 Nxe4 8.
Nxg7+ Bxg7 9. Nxe4 d5 10. Nc3 Be6 11. Qh5 Qf6 12. f5 Bxf5 13. Nxd5 Qd8 14. Qxf5
Qxd5 15. Qg4 Bf6 16. Bc4 Qc5 17. Rf1 h5 18. Qe2 Nd7 19. Be3 Qa5+ 20. Bd2 Qc5 21.
O-O-O b5 22. Bb3 a5 23. Be3 Qb4 24. Rxd7 Kxd7 25. Rxf6 Rad8 26. a3 Qe4 27. Qxb5+
Ke7 28. Rxf7+ Kd6 29. Qc5# 1-0

[Event "Hastings Masters 2017-18"]
[Site "Hastings ENG"]
[Date "2017.12.30"]
[Round "3.26"]
[White "Rayner, Francis"]
[Black "Verma, Aditya"]
[Result "1/2-1/2"]
[WhiteElo "2071"]
[BlackElo "2069"]
[WhiteFideId "1800132"]
[BlackFideId "426202"]
[EventDate "2017.12.28"]

1. Nf3 d5 2. c4 c6 3. d4 Nf6 4. Nc3 e6 5. e3 a6 6. Bd3 dxc4 7. Bxc4 b5 8. Bd3
Nbd7 9. e4 b4 10. Na4 c5 11. O-O Bb7 12. Re1 Rc8 13. d5 e5 14. b3 Bd6 15. Nb2
Nb6 16. Qe2 Ra8 17. Bg5 h6 18. Bh4 Qe7 19. Nd2 g5 20. Bg3 h5 21. h4 Nfd7 22.
Nbc4 Nxc4 23. Nxc4 g4 24. Ne3 Qf6 25. Rf1 Nf8 26. Bb5+ Kd8 27. Bc4 Bc8 28. f3
Ng6 29. fxg4 Nf4 30. Qf3 hxg4 31. Nxg4 Qg7 32. Ne3 Kc7 1/2-1/2

[Event "Hastings Masters 2017-18"]
[Site "Hastings ENG"]
[Date "2017.12.30"]
[Round "3.27"]
[White "Larsen, Andreas"]
[Black "Coleman, David J"]
[Result "0-1"]
[BlackTitle "CM"]
[WhiteElo "1953"]
[BlackElo "2076"]
[WhiteFideId "1504843"]
[BlackFideId "402087"]
[EventDate "2017.12.28"]

1. e4 c5 2. a3 g6 3. b4 Bg7 4. c3 d6 5. d4 cxd4 6. cxd4 Nf6 7. Bd3 O-O 8. Ne2 b6
9. O-O Bb7 10. Nd2 Nbd7 11. Bb2 e6 12. Rc1 Rc8 13. Qa4 Rxc1 14. Rxc1 Qa8 15. Bb5
Nb8 16. f3 a6 17. Bd3 b5 18. Qd1 Nc6 19. Nb3 Nd7 20. Ba1 Bh6 21. f4 Rc8 22. Qe1
Ne7 23. Rxc8+ Nxc8 24. Qh4 Bg7 25. Qd8+ Nf8 26. Ng3 Qa7 27. e5 dxe5 28. Nc5 exf4
29. Ne2 Qb8 30. Bc3 f3 31. Ng3 fxg2 32. Bd2 Bd5 33. Be3 Qf4 0-1

[Event "Hastings Masters 2017-18"]
[Site "Hastings ENG"]
[Date "2017.12.30"]
[Round "3.28"]
[White "Sugden, John N"]
[Black "Dempsey, John"]
[Result "1-0"]
[WhiteElo "2059"]
[BlackElo "1911"]
[WhiteFideId "402001"]
[BlackFideId "2402076"]
[EventDate "2017.12.28"]

1. e4 c5 2. Nc3 g6 3. g3 Bg7 4. Bg2 Nc6 5. d3 e6 6. f4 Nge7 7. Nf3 d5 8. O-O O-O
9. Qe2 Rb8 10. e5 a6 11. Nd1 b5 12. Nf2 Bb7 13. g4 Qd7 14. Bh3 Bc8 15. Re1 Qc7
16. a3 Kh8 17. c3 b4 18. cxb4 cxb4 19. Be3 bxa3 20. Rxa3 f6 21. d4 f5 22. Nd3
fxg4 23. Bxg4 Nf5 24. Bxf5 gxf5 25. Nc5 a5 26. Ng5 Qe7 27. Bf2 h6 28. Rh3 Kg8
29. Nf3 Nb4 30. Kh1 Bd7 31. Rg1 Bb5 32. Qd2 Kf7 33. Bh4 Qe8 34. Qg2 Rg8 35. Qg6+
Kf8 36. Nxe6+ 1-0

[Event "Hastings Masters 2017-18"]
[Site "Hastings ENG"]
[Date "2017.12.30"]
[Round "3.29"]
[White "Flynn, David"]
[Black "Willson, Ollie"]
[Result "0-1"]
[WhiteElo "1876"]
[BlackElo "2057"]
[WhiteFideId "410594"]
[BlackFideId "424714"]
[EventDate "2017.12.28"]

1. e4 c5 2. c3 d5 3. exd5 Qxd5 4. d4 e6 5. Nf3 Nf6 6. Na3 Be7 7. Bc4 Qd8 8. O-O
O-O 9. Nc2 Nc6 10. Qe2 Qc7 11. Bg5 Ng4 12. Bxe7 Nxe7 13. h3 Nf6 14. Qe5 Qxe5 15.
Nxe5 cxd4 16. Nxd4 Ng6 17. Ndf3 Nxe5 18. Nxe5 Nd7 19. Nxd7 Bxd7 20. Rfd1 Rfd8
21. Rd3 Kf8 22. Rad1 Ke7 23. f3 Rac8 24. Bb3 Bc6 25. Kf2 Rxd3 26. Rxd3 Bb5 27.
Rd4 Rc5 28. f4 Bc6 29. Ba4 Bd5 30. a3 f6 31. Bc2 g6 32. Be4 Bxe4 33. Rxe4 Kd6
34. Rd4+ Kc7 35. Ke3 a6 36. Rd3 g5 37. fxg5 Rxg5 38. Rd2 Kc6 39. Rf2 Kd5 40. b3
Rg3+ 41. Kd2 f5 42. a4 Ke5 43. Kc2 f4 44. a5 Kf5 45. b4 e5 46. Kb3 e4 47. Kc4 e3
48. Re2 Ke4 49. Rc2 Rg6 50. Kc5 Rc6# 0-1

[Event "Hastings Masters 2017-18"]
[Site "Hastings ENG"]
[Date "2017.12.30"]
[Round "3.30"]
[White "August, Daniel"]
[Black "Fowler, David"]
[Result "1/2-1/2"]
[WhiteElo "2056"]
[BlackElo "1904"]
[WhiteFideId "24698075"]
[BlackFideId "2461595"]
[EventDate "2017.12.28"]

1. d4 e6 2. Bf4 c5 3. e3 Nf6 4. c3 b6 5. Nf3 Be7 6. Bd3 Ba6 7. Na3 Bxd3 8. Qxd3
d5 9. Nb5 Na6 10. h3 c4 11. Qc2 O-O 12. b3 Qc8 13. O-O Ne4 14. Rfc1 Qc6 15. a4
f6 16. Na3 Bxa3 17. Rxa3 cxb3 18. Qxb3 Rfc8 19. Rc2 Nb8 20. Ne1 Nd7 21. f3 Nd6
22. Bxd6 Qxd6 23. Nd3 Rc7 24. Ra1 Rac8 25. Rac1 Kf7 26. c4 dxc4 27. Rxc4 Rxc4
28. Rxc4 Qd5 29. Nb2 Rxc4 30. Qxc4 Qxc4 31. Nxc4 Ke7 32. Kf2 a6 33. Ke2 b5 34.
axb5 axb5 35. Na3 b4 36. Nc4 Kd8 37. Kd3 Kc7 38. Kc2 Nb6 39. Kb3 Nd5 40. g3 f5
41. e4 fxe4 42. fxe4 Nf6 43. Nd2 Nh5 44. Kxb4 Nxg3 45. Kc5 g5 46. d5 exd5 47.
Kxd5 Kd7 48. Nf3 h6 49. Ke5 Ke7 50. Nd4 h5 51. Nf5+ Nxf5 52. Kxf5 g4 53. hxg4
hxg4 54. Kxg4 Ke6 55. Kf4 Kf6 56. e5+ Ke6 57. Ke4 Ke7 58. Kf5 Kf7 59. e6+ Ke7
60. Ke5 Ke8 61. Kf4 Ke7 62. Kf5 Ke8 63. Ke4 Ke7 64. Kd5 Ke8 65. Kd6 Kd8 66. e7+
Ke8 67. Ke6 1/2-1/2

[Event "Hastings Masters 2017-18"]
[Site "Hastings ENG"]
[Date "2017.12.30"]
[Round "3.31"]
[White "Ahluwalia, Amardip"]
[Black "Dev, Shah"]
[Result "1/2-1/2"]
[BlackTitle "CM"]
[WhiteElo "2004"]
[BlackElo "1877"]
[WhiteFideId "437085"]
[BlackFideId "35019058"]
[EventDate "2017.12.28"]

1. e4 e5 2. Nf3 Nc6 3. Bc4 Nf6 4. d3 Be7 5. O-O O-O 6. Re1 d6 7. a4 a6 8. Nbd2
Be6 9. c3 Qd7 10. b4 Nd8 11. Bb2 Bxc4 12. Nxc4 Ne6 13. d4 exd4 14. Nxd4 Nxd4 15.
Qxd4 Rad8 16. Ne3 Rfe8 17. c4 c5 18. bxc5 dxc5 19. Qxd7 Nxd7 20. Nd5 Bd6 21. f4
f6 22. Bc3 Kf7 23. Rab1 Rb8 24. g3 Re6 25. Rb2 Kf8 26. Kf2 Be7 27. a5 Bd8 28. e5
fxe5 29. fxe5 g5 30. Reb1 Nxe5 31. Bxe5 Rxe5 32. Rxb7 Rxb7 33. Rxb7 Bxa5 34.
Rxh7 Re4 35. Rh6 Rxc4 36. Rxa6 Bd2 37. Rc6 g4 38. Nb6 Rc2 39. Rxc5 Rxc5 40. Nd7+
Kf7 41. Nxc5 Kg6 42. Nd3 Kf5 43. Ke2 Ba5 44. Nf2 Bb6 45. Kf1 Bd4 46. Kg2 Ba7 47.
Nd3 Be3 48. Nb2 Bd4 49. Nc4 Bc5 50. Na5 Bb6 51. Nc6 Bc5 52. Na5 Bb6 53. Nb7 Ke6
54. h3 1/2-1/2

[Event "Hastings Masters 2017-18"]
[Site "Hastings ENG"]
[Date "2017.12.30"]
[Round "3.32"]
[White "Forster, Matthew"]
[Black "Howell, Oliver W"]
[Result "1-0"]
[WhiteElo "1979"]
[BlackElo "1765"]
[WhiteFideId "437123"]
[BlackFideId "435929"]
[EventDate "2017.12.28"]

1. c4 g6 2. g3 Bg7 3. Bg2 e5 4. Nc3 d6 5. Nf3 Nc6 6. a3 a5 7. d3 f5 8. Bg5 Nf6
9. Nd5 O-O 10. O-O Ne7 11. Nxf6+ Bxf6 12. Bxf6 Rxf6 13. b4 Bd7 14. Qc2 c6 15. c5
Qc7 16. cxd6 Qxd6 17. bxa5 Rxa5 18. Qb3+ Be6 19. Qxb7 Rb5 20. Qa8+ Rf8 21. Qa4
Bb3 22. Qh4 Ra8 23. Qh6 Nd5 24. Ng5 Nf6 25. Rfc1 Bd5 26. e4 fxe4 27. dxe4 Bb3
28. Rc3 Rb6 29. Bf1 Qd4 30. Rac1 Qxf2+ 31. Kxf2 Ng4+ 32. Kg1 Nxh6 33. Rxb3 1-0

[Event "Hastings Masters 2017-18"]
[Site "Hastings ENG"]
[Date "2017.12.30"]
[Round "3.33"]
[White "Ruane, Brendan J"]
[Black "Rice, Chris B"]
[Result "1-0"]
[WhiteElo "1838"]
[BlackElo "1969"]
[WhiteFideId "430218"]
[BlackFideId "404446"]
[EventDate "2017.12.28"]

1. b3 e5 2. Bb2 d6 3. e3 Nf6 4. d3 g6 5. c4 Bg7 6. Nc3 c6 7. Nf3 O-O 8. Qc2 Re8
9. e4 d5 10. g3 d4 11. Ne2 c5 12. Bg2 Nc6 13. a3 h6 14. O-O Be6 15. Bc1 Qd7 16.
Bd2 Nxe4 17. dxe4 d3 18. Qd1 dxe2 19. Qxe2 Bg4 20. Bc3 Nd4 21. Bxd4 cxd4 22. Qd3
a5 23. Nd2 Bh3 24. c5 Bxg2 25. Kxg2 Bf8 26. b4 axb4 27. axb4 Ra4 28. Rxa4 Qxa4
29. Qc4 Rc8 30. f4 exf4 31. Rxf4 Qd7 32. e5 Bg7 33. Nf3 d3 34. Rd4 Qc6 35. Rd6
Qa4 36. Rxd3 Qa1 37. e6 Rf8 38. e7 Re8 39. Rd8 Qa4 40. Qd5 Bf6 41. c6 1-0

[Event "Hastings Masters 2017-18"]
[Site "Hastings ENG"]
[Date "2017.12.30"]
[Round "3.34"]
[White "Salmons, Calum"]
[Black "Ramstad, Havard"]
[Result "1-0"]
[WhiteElo "1756"]
[BlackElo "1965"]
[WhiteFideId "437280"]
[BlackFideId "1511980"]
[EventDate "2017.12.28"]

1. e4 c6 2. Nc3 d5 3. Nf3 Nf6 4. exd5 cxd5 5. Bb5+ Nc6 6. d4 a6 7. Bd3 Bg4 8.
Be3 e5 9. Be2 e4 10. Ne5 Bxe2 11. Qxe2 Bb4 12. Nxc6 bxc6 13. Bd2 Qb6 14. O-O-O
Qa5 15. Kb1 Rb8 16. Qe3 Ng4 17. Qg3 O-O 18. Ka1 Nf6 19. h4 h5 20. Rh3 Qb6 21.
Qg5 Bd6 22. Bc1 Qd8 23. f3 Be7 24. Bf4 Rb7 25. Be5 g6 26. Qh6 Re8 27. g4 Bf8 28.
Qf4 Bg7 29. Rg3 Kh7 30. g5 Ng8 31. Bxg7 Kxg7 32. fxe4 Qb6 33. b3 dxe4 34. Nxe4
Rd7 35. Nf6 Nxf6 36. gxf6+ Kh7 37. Rg5 Rd5 38. c4 Rxg5 39. hxg5 Qa5 40. Qd2 Qf5
41. d5 cxd5 42. Qxd5 Qe5+ 43. Kb1 Re6 44. c5 Qc7 45. Qd7 Rc6 46. b4 a5 47. a3 a4
48. Qxc7 Rxc7 49. Kc2 Rc8 50. Rd7 Kg8 51. Kc3 Kf8 52. Kc4 Ke8 53. Re7+ Kf8 54.
b5 Re8 55. b6 1-0

[Event "Hastings Masters 2017-18"]
[Site "Hastings ENG"]
[Date "2017.12.30"]
[Round "3.35"]
[White "Warnke, Klaus"]
[Black "Berger, Konstantin"]
[Result "0-1"]
[WhiteElo "1716"]
[BlackElo "2041"]
[WhiteFideId "4661397"]
[BlackFideId "1271841"]
[EventDate "2017.12.28"]

1. c4 Nf6 2. Nc3 g6 3. d4 d5 4. Qb3 dxc4 5. Qxc4 Be6 6. Qa4+ Bd7 7. Qb3 Nc6 8.
Nf3 Bg7 9. e3 Na5 10. Qc2 c5 11. dxc5 Rc8 12. b4 Nc6 13. Rb1 a5 14. a3 axb4 15.
axb4 O-O 16. Bd2 Bf5 17. e4 Bg4 18. Be2 b6 19. b5 Bxf3 20. bxc6 Bxe2 21. Nxe2
Rxc6 22. Qa4 Rxc5 23. Be3 Qd3 24. Rd1 Qb5 25. Nc3 Qc4 26. Bd4 Nxe4 27. Bxg7 Kxg7
28. Qxc4 Rxc4 29. Nd5 Nc3 30. Rc1 Re4+ 31. Ne3 Nd5 32. Kd2 Nxe3 33. fxe3 Rd8+
34. Ke2 Rb4 35. Rc7 Rb2+ 36. Kf3 Rdd2 37. Rf1 Rd6 38. Kg4 Re6 39. Rf3 Rxg2+ 40.
Kh3 Rg1 41. e4 Re5 42. Rf4 b5 43. Rb7 Rc5 44. Rxe7 Rc3+ 0-1

[Event "Hastings Masters 2017-18"]
[Site "Hastings ENG"]
[Date "2017.12.30"]
[Round "3.36"]
[White "Wilson, Matthew R"]
[Black "Pickersgill, Adrian O"]
[Result "1-0"]
[WhiteElo "1782"]
[BlackElo "1991"]
[WhiteFideId "423459"]
[BlackFideId "404519"]
[EventDate "2017.12.28"]

1. e4 d5 2. exd5 Qxd5 3. Nc3 Qa5 4. Bc4 c6 5. d4 Nf6 6. Bd2 Bf5 7. Nd5 Qd8 8.
Nxf6+ gxf6 9. c3 e6 10. Nf3 Nd7 11. Qe2 Nb6 12. Bb3 Qc7 13. Nh4 Bg6 14. Nxg6
hxg6 15. h3 O-O-O 16. O-O-O Bd6 17. Qf3 Nd7 18. Kb1 Kb8 19. h4 Rc8 20. g4 Rcg8
21. Bc2 e5 22. Bb3 Rf8 23. h5 g5 24. Bc2 Rh6 25. d5 c5 26. c4 Nb6 27. Ba5 Rd8
28. Be4 Be7 29. Qb3 Rd6 30. Rd3 Qd7 31. Bf5 Qe8 32. f3 Bd8 33. Qc2 Na8 34. Bd2
Nb6 35. Ka1 Na8 36. Be4 Nc7 37. b4 Na6 38. b5 Nc7 39. Rb1 Na8 40. a4 b6 41. Ra3
Qe7 42. Rb2 Rh8 43. Bf5 Bc7 44. Kb1 Bd8 45. Rba2 Re8 46. a5 Qf8 47. axb6 Bxb6
48. Kc1 Re7 49. Qb1 Rb7 50. Qa1 Rd8 51. Be4 Rd6 52. Kd1 Rc7 53. Ke1 Qe7 54. Kf1
Qf8 55. Kg2 Qe7 56. h6 f5 57. h7 Rh6 58. Bxf5 f6 59. Qb1 Qd6 60. Qe4 Rg7 61. Ra1
Qf8 62. Rh1 Rxh1 63. Kxh1 Rf7 64. Kg2 Nc7 65. Ra1 Ne8 66. Rh1 Qh8 67. Qd3 Nd6
68. Be6 e4 69. fxe4 Rxh7 70. Rxh7 Qxh7 71. Bf5 Qe7 72. Be1 Kb7 73. Bg3 Bc7 74.
Qa3 Kb8 75. Qxc5 1-0

[Event "Hastings Masters 2017-18"]
[Site "Hastings ENG"]
[Date "2017.12.30"]
[Round "3.37"]
[White "Witt, Holger"]
[Black "Lochte, Szilvia"]
[Result "1/2-1/2"]
[WhiteElo "1585"]
[BlackElo "1850"]
[WhiteFideId "24678139"]
[BlackFideId "708410"]
[EventDate "2017.12.28"]

1. c4 Nf6 2. Nc3 g6 3. g3 Bg7 4. Bg2 d6 5. d3 O-O 6. Rb1 c6 7. Nf3 e5 8. O-O Bg4
9. Nd2 Nbd7 10. b4 Qc8 11. a4 Rd8 12. a5 Nf8 13. Re1 d5 14. Qc2 Bh3 15. Bh1 Ne6
16. Nb3 Nd4 17. Nxd4 exd4 18. Nd1 dxc4 19. Qxc4 Be6 20. Qc2 Bd5 21. f3 Be6 22.
Bg5 h6 23. Bxf6 Bxf6 24. Nf2 Be7 25. Ne4 Qc7 26. Rec1 Qe5 27. f4 Qc7 28. Qd2 Kg7
29. Bf3 h5 30. Nc5 Bd5 31. Ne4 h4 32. Kg2 Bxe4 33. Bxe4 hxg3 34. hxg3 Rh8 35.
Rxc6 bxc6 36. Rh1 Bd6 37. Qb2 c5 38. bxc5 Qxc5 39. Bb7 Rae8 40. a6 Bc7 41. Qa2
Re7 42. Kf2 Bb6 43. Qb1 Qa5 44. Qe1 1/2-1/2

[Event "Hastings Masters 2017-18"]
[Site "Hastings ENG"]
[Date "2017.12.30"]
[Round "3.38"]
[White "Lovell, William Pm"]
[Black "Rahulan, Thivyaa"]
[Result "1-0"]
[WhiteElo "1688"]
[BlackElo "1825"]
[WhiteFideId "431060"]
[BlackFideId "431940"]
[EventDate "2017.12.28"]

1. d4 e6 2. Nf3 f5 3. Bg5 Nf6 4. Nbd2 Be7 5. Bxf6 Bxf6 6. e4 O-O 7. Bd3 d6 8.
exf5 exf5 9. O-O Nc6 10. c3 Qe8 11. Qc2 Qh5 12. Rfe1 Kh8 13. Nf1 g6 14. Ng3 Qh6
15. Qd2 Qxd2 16. Nxd2 Bd7 17. Kf1 Rae8 18. Nf3 Kg7 19. Ne2 Bd8 20. b4 Ne7 21. c4
Ng8 22. Nc3 Nf6 23. a3 h6 24. c5 Bc6 25. Nd2 Nd5 26. Nxd5 Bxd5 27. Bc4 Bxc4+ 28.
Nxc4 dxc5 29. dxc5 Bf6 30. Rad1 Rd8 31. h3 Rxd1 32. Rxd1 Rd8 33. Rxd8 Bxd8 34.
Na5 b6 35. cxb6 axb6 36. Nc6 Bf6 37. a4 Bc3 38. a5 bxa5 39. bxa5 Bxa5 40. Nxa5
Kf6 41. Ke2 Ke5 42. Ke3 Kd5 43. f4 Kc5 44. Kd3 Kb5 45. Nc4 c5 46. g4 Kb4 47.
gxf5 gxf5 48. Ne3 Kb3 49. Nxf5 c4+ 50. Kd4 c3 51. Ne3 1-0

[Event "Hastings Masters 2017-18"]
[Site "Hastings ENG"]
[Date "2017.12.30"]
[Round "3.39"]
[White "Munkhdemberel, Pagamdulam"]
[Black "Tserendorj, Batsaikhan"]
[Result "1/2-1/2"]
[WhiteElo "1175"]
[BlackElo "2066"]
[WhiteFideId "4907043"]
[BlackFideId "2023334"]
[EventDate "2017.12.28"]

1. e4 e5 2. Nf3 Nc6 3. Bc4 Be7 4. Nc3 Nf6 5. d3 O-O 6. O-O d6 7. Be3 h6 8. Re1
Kh8 9. d4 exd4 10. Nxd4 Nxd4 11. Bxd4 Be6 12. Nd5 Bxd5 13. Bxd5 Nxd5 14. exd5
Bf6 15. h3 Bxd4 16. Qxd4 Qg5 17. f4 Qf5 18. c3 Rae8 19. Qxa7 Qxf4 20. Rxe8 Rxe8
21. Qxb7 Qg3 22. Qb5 Re3 23. Qf1 Qg6 24. Kh1 Qe4 25. Kh2 Qxd5 26. c4 Qe5+ 1/2-1/2

[Event "Hastings Masters 2017-18"]
[Site "Hastings ENG"]
[Date "2017.12.30"]
[Round "3.41"]
[White "Metcalfe, Charlie P"]
[Black "Verma, Shlok"]
[Result "1-0"]
[WhiteElo "1705"]
[BlackElo "1553"]
[WhiteFideId "443883"]
[BlackFideId "441228"]
[EventDate "2017.12.28"]

1. d4 d5 2. Nf3 Nf6 3. c4 dxc4 4. e3 e6 5. Bxc4 a6 6. Nc3 b5 7. Bd3 Bb7 8. O-O
Be7 9. Qe2 Nbd7 10. Rd1 O-O 11. Bd2 c5 12. Rac1 Qb6 13. Be1 Rac8 14. Bc2 Rcd8
15. dxc5 Nxc5 16. Rxd8 Rxd8 17. b4 Ncd7 18. a3 Nf8 19. Rd1 Ng6 20. Rxd8+ Qxd8
21. Bd2 Nd5 22. Qd3 Nxc3 23. Bxc3 Qxd3 24. Bxd3 Kf8 25. Bd4 Ke8 26. Kf1 Kf8 27.
Ke2 f6 28. Bc2 Bc6 29. Ne1 Kf7 30. f3 Nf8 31. Nd3 Nd7 32. Bb3 g6 33. e4 g5 34.
g3 h6 35. Ke3 Nf8 36. Bc5 Nd7 37. Bd4 Nf8 38. f4 Ke8 39. Bc5 Bd7 40. Bd4 Bc6 41.
Nc5 Bxc5 42. Bxc5 Bd7 43. Bd4 Nh7 44. Bc3 Kd8 45. Bd4 Kc7 46. Bc5 f5 47. exf5
exf5 48. Bd4 g4 49. Bg7 Be8 50. Be6 Bg6 51. Kd4 h5 52. Ke5 Kc6 53. Bxf5 Bxf5 54.
Kxf5 Kd5 55. Kg6 Kc4 56. Kxh7 Kb3 57. f5 1-0

[Event "Hastings Masters 2017-18"]
[Site "Hastings ENG"]
[Date "2018.01.01"]
[Round "5.9"]
[White "Lalic, Bogdan"]
[Black "Murphy, Conor E"]
[Result "1/2-1/2"]
[WhiteTitle "GM"]
[BlackTitle "FM"]
[WhiteElo "2415"]
[BlackElo "2313"]
[WhiteFideId "409081"]
[BlackFideId "421669"]
[EventDate "2017.12.28"]

1. d4 Nf6 2. c4 e6 3. Nc3 Bb4 4. e3 O-O 5. Ne2 c6 6. a3 Ba5 7. Qc2 d5 8. Ng3
Nbd7 9. cxd5 exd5 10. Bd3 Re8 11. O-O Bc7 12. Bd2 h5 13. f3 Nf8 14. Rf2 Ne6 15.
b4 a5 16. b5 h4 17. Nf1 c5 18. dxc5 Nxc5 19. Na4 Nxa4 20. Qxa4 Nd7 21. Bc3 Nc5
22. Qc2 Qd6 23. Rd1 Nxd3 24. Rxd3 Bf5 25. e4 Bb6 26. exf5 Rac8 27. Qd2 Bxf2+ 28.
Kxf2 d4 29. Bxd4 Red8 30. f6 gxf6 31. Qh6 Rc2+ 32. Kg1 h3 33. gxh3 Qxd4+ 34.
Rxd4 Rxd4 35. Qxf6 Rd1 36. h4 Rcc1 37. Kg2 Rc2+ 38. Kg3 Rxf1 39. Qg5+ Kf8 40.
Qd8+ Kg7 41. Qg5+ Kf8 42. Qd8+ Kg7 43. Qg5+ 1/2-1/2

[Event "Hastings Masters 2017-18"]
[Site "Hastings ENG"]
[Date "2018.01.01"]
[Round "5.30"]
[White "Anderson, John"]
[Black "Pickersgill, Adrian O"]
[Result "1-0"]
[WhiteElo "2184"]
[BlackElo "1991"]
[WhiteFideId "405353"]
[BlackFideId "404519"]
[EventDate "2017.12.28"]

1. d4 d6 2. e4 Nf6 3. Nc3 c6 4. f4 Qa5 5. e5 Ne4 6. Qf3 d5 7. Bd3 Na6 8. Ne2 Nb4
9. O-O Nxd3 10. cxd3 Nxc3 11. bxc3 g6 12. a4 Bg7 13. Ba3 Qc7 14. h3 h5 15. Rfb1
Be6 16. a5 O-O 17. g4 hxg4 18. hxg4 Qd7 19. f5 gxf5 20. g5 f4 21. Nxf4 Bf5 22.
Ra2 Rfb8 23. Rh2 b6 24. Rf1 f6 25. gxf6 exf6 26. Nh5 Bg6 27. Nxf6+ Bxf6 28. Qxf6
Qg7 29. Rg2 Kh7 30. Qxg7+ Kxg7 31. Rf6 1-0

[Event "Hastings Masters 2017-18"]
[Site "Hastings ENG"]
[Date "2018.01.01"]
[Round "5.32"]
[White "Woong, Zhi Wei William"]
[Black "Stone, Mark R"]
[Result "1-0"]
[WhiteTitle "CM"]
[WhiteElo "2137"]
[BlackElo "1591"]
[WhiteFideId "5804906"]
[BlackFideId "416584"]
[EventDate "2017.12.28"]

1. e4 d5 2. exd5 Qxd5 3. Nc3 Qa5 4. d4 Nf6 5. Bc4 c6 6. Ne2 Bg4 7. f3 Bf5 8. Bf4
e6 9. O-O Be7 10. Ng3 Bg6 11. Qd2 O-O 12. Nd5 Qd8 13. Nc7 Nbd7 14. Nxa8 Qxa8 15.
Qe2 Qd8 16. Rad1 Nb6 17. Bb3 Nbd5 18. Be5 b5 19. Ne4 Nxe4 20. fxe4 Nf6 21. Bxf6
Bxf6 22. c3 Qb6 23. Kh1 a6 24. e5 Be7 25. Bc2 Bxc2 26. Qxc2 Qd8 27. c4 Qa8 28.
d5 exd5 29. cxd5 cxd5 30. Qd3 g6 31. Qxd5 Qxd5 32. Rxd5 Rd8 33. Rxd8+ Bxd8 34.
g3 Bc7 35. Rf6 Bxe5 36. Rxa6 Bxb2 37. Rb6 h5 38. Rxb5 Bd4 39. a4 Kf8 40. a5 Ke8
41. a6 Kd7 42. Rd5+ 1-0